[Event "Odintsovo Primakov Cup"]
[Site "Odintsovo"]
[Date "2024.03.18"]
[Round "6"]
[White "Usov, Aleksandr E"]
[Black "Lisenkov, Svyatoslav"]
[Result "1-0"]
[WhiteElo "2270"]
[BlackElo "2108"]
[PlyCount "159"]
[EventDate "2024.03.15"]
[EventType "tourn"]
[EventRounds "9"]
[EventCountry "RUS"]
[EventCategory "1"]
[SourceTitle "CB13_2024"]
[SourceDate "2024.03.27"]
[SourceVersion "1"]
[SourceVersionDate "2024.03.27"]
[SourceQuality "1"]

1. d4 Nf6 2. Bg5 d6 3. Bxf6 exf6 4. e3 h5 5. c4 h4 6. Nc3 g6 7. Bd3 Bg7 8. Nf3 h3 9. g3 Bg4 10. 0-0 f5 11. Be2 Nd7 12. Nd2 Bxe2 13. Qxe2 0-0 14. Rfd1 c5 15. Nf3 cxd4 16. Nxd4 a6 17. b3 Nf6 18. Qf1 Qa5 19. Nce2 d5 20. cxd5 Nxd5 21. Qxh3 Rac8 22. Qf1 Rfd8 23. h4 Nf6 24. a4 Qb4 25. Qe1 Bf8 26. Qxb4 Bxb4 27. Rac1 Rxc1 28. Rxc1 Bd6 29. Nf3 Ne4 30. Ned4 Kg7 31. Kf1 Kf6 32. Ke2 Bc5 33. Rc4 a5 34. Nd2 b6 35. N4f3 Nd6 36. Rc2 Rd7 37. Nc4 Nxc4 38. Rxc4 Rd8 39. Ne1 Ke5 40. Nd3+ Kd5 41. Rc2 Rb8 42. Rd2 Bd6 43. Nb4+ Ke6 44. Nc6 Rc8 45. Nd4+ Ke7 46. h5 Be5 47. hxg6 fxg6 48. Nf3 Bf6 49. Rd5 Rc2+ 50. Kf1 Rc6 51. Rb5 Bc3 52. Ke2 Rd6 53. e4 fxe4 54. Ng5 Bd4 55. Nxe4 Rd7 56. f4 Rd8 57. Nd2 Rd6 58. Nc4 Re6+ 59. Kf3 Rc6 60. Rd5 Bf6 61. Ke4 Re6+ 62. Ne5 Ke8 63. g4 Be7 64. Kf3 Bd6 65. g5 Bc7 66. Ke4 Kf8 67. Rd7 Bxe5 68. fxe5 Rc6 69. Rd6 Rc3 70. Rxb6 Ke7 71. Rxg6 Rxb3 72. Rd6 Rb1 73. Rd5 Ke6 74. Rd6+ Ke7 75. g6 Rg1 76. Ra6 Rg2 77. Kf5 Rf2+ 78. Kg5 Rg2+ 79. Kh6 Rh2+ 80. Kg7 1-0

[Event "Moscow Aeroflot op-A"]
[Site "Moscow"]
[Date "2024.03.05"]
[Round "6"]
[White "Usov, Aleksandr E"]
[Black "Ivanov, Victor L"]
[Result "0-1"]
[WhiteElo "2270"]
[BlackElo "2406"]
[PlyCount "116"]
[EventDate "2024.03.03"]
[EventType "swiss"]
[EventRounds "9"]
[EventCountry "RUS"]
[SourceTitle "CB11_2024"]
[SourceDate "2024.03.13"]
[SourceVersion "1"]
[SourceVersionDate "2024.03.13"]
[SourceQuality "1"]

1. d4 d5 2. Nf3 Nf6 3. c4 c6 4. cxd5 cxd5 5. Nc3 Nc6 6. Bf4 Bf5 7. Qb3 Na5 8. Qa4+ Bd7 9. Qc2 e6 10. e3 Rc8 11. Bd3 Be7 12. 0-0 0-0 13. Ne5 b5 14. Nxd7 Qxd7 15. a3 Nc4 16. Qe2 a6 17. Rfc1 Rc6 18. a4 b4 19. Nd1 Rfc8 20. b3 Na5 21. Rxc6 Rxc6 22. Bb5 Nxb3 23. Bxc6 Qxc6 24. Ra2 Na5 25. Rc2 Nc4 26. Nb2 Ne4 27. Rxc4 dxc4 28. Qxc4 Qxc4 29. Nxc4 Nc3 30. Kf1 b3 31. Ke1 Nxa4 32. Kd2 Bb4+ 33. Kd3 a5 34. f3 Nc3 35. e4 Nb5 36. Nb2 Bc3 37. Bc1 Bxb2 38. Bxb2 a4 39. Kc4 a3 40. Bxa3 Nxa3+ 41. Kxb3 Nb5 42. Kc4 Nc7 43. Kc5 Kf8 44. Kc6 Na6 45. Kb5 Nb8 46. Kb6 Ke7 47. Kb7 Nd7 48. Kc7 Nf6 49. h4 Nh5 50. d5 exd5 51. exd5 Nf6 52. d6+ Ke6 53. Kc6 h5 54. f4 g6 55. g3 Kf5 56. Kc7 Kg4 57. Kd8 Ne4 58. d7 Nc5 0-1

[Event "Minsk op"]
[Site "Minsk"]
[Date "2023.11.03"]
[Round "1"]
[White "Usov, Aleksandr E"]
[Black "Rauniahin, Mikita"]
[Result "1-0"]
[WhiteElo "2298"]
[BlackElo "1354"]
[PlyCount "67"]
[EventDate "2023.11.03"]
[EventType "swiss"]
[EventRounds "9"]
[EventCountry "BLR"]
[SourceTitle "CB46_2023"]
[SourceDate "2023.11.15"]
[SourceVersion "1"]
[SourceVersionDate "2023.11.15"]
[SourceQuality "1"]

1. e4 c5 2. Be2 Nc6 3. f4 d6 4. Nf3 g6 5. 0-0 Bg7 6. c3 e5 7. fxe5 dxe5 8. Na3 a6 9. d3 Nge7 10. Be3 b6 11. Qe1 0-0 12. Qh4 f5 13. Bh6 Bf6 14. Qe1 Re8 15. Nc2 Be6 16. Ng5 Qd7 17. exf5 Nxf5 18. Ne4 Be7 19. Bg5 Bxg5 20. Nxg5 Kg7 21. Bf3 Bd5 22. Bxd5 Qxd5 23. Ne3 Nxe3 24. Qxe3 Rf8 25. Qh3 Rxf1+ 26. Rxf1 h5 27. Ne6+ Kh8 28. Nc7 Qd8 29. Nxa8 Qxa8 30. Qd7 e4 31. Rf7 Qg8 32. Qe6 Qd8 33. Qxg6 exd3 34. Rh7# 1-0

[Event "Tsaghkadzor op"]
[Site "Tsaghkadzor"]
[Date "2023.09.25"]
[Round "7"]
[White "Iniyan, Panneerseluam"]
[Black "Usov, Aleksandr E"]
[Result "1/2-1/2"]
[WhiteElo "2516"]
[BlackElo "2252"]
[PlyCount "136"]
[EventDate "2023.09.20"]
[EventType "swiss"]
[EventRounds "9"]
[EventCountry "ARM"]
[SourceTitle "EXT 2024"]
[Source "ChessBase"]
[SourceDate "2023.10.10"]
[SourceVersion "1"]
[SourceVersionDate "2023.10.10"]
[SourceQuality "1"]

1. e4 c6 2. d4 d5 3. e5 c5 4. c3 Nc6 5. Be2 Bf5 6. Nf3 e6 7. 0-0 cxd4 8. Nxd4 Bxb1 9. Rxb1 Nxe5 10. Qa4+ Nd7 11. Bh5 g6 12. Bg4 Ngf6 13. Bg5 Be7 14. Nxe6 fxe6 15. Bxe6 Qc7 16. Rfe1 0-0-0 17. Qxa7 Bc5 18. Qa8+ Qb8 19. Qxb8+ Kxb8 20. Bxd7 Nxd7 21. Bxd8 Rxd8 22. g3 Nf6 23. Kg2 Rd6 24. Rbd1 Ra6 25. a3 b5 26. g4 Rd6 27. Re5 Rd7 28. f3 Kc7 29. Re6 Rf7 30. a4 bxa4 31. Ra6 a3 32. bxa3 Kb7 33. Ra4 Nd7 34. Ra5 Kc6 35. Re1 Rf4 36. Re6+ Kb7 37. h4 Rc4 38. h5 gxh5 39. Rh6 hxg4 40. Rxh7 gxf3+ 41. Kxf3 Kc6 42. Ke2 Rxc3 43. Ra6+ Kb5 44. Rxd7 Kxa6 45. Rxd5 Kb5 46. Rd3 Rc2+ 47. Rd2 Rc4 48. a4+ Rxa4 49. Rd8 Re4+ 50. Kf3 Re1 51. Kf4 Kc6 52. Kf3 Bd6 53. Ra8 Kd5 54. Rd8 Rf1+ 55. Ke3 Ra1 56. Kd3 Ra3+ 57. Ke2 Ke5 58. Rh8 Ke4 59. Re8+ Be5 60. Re7 Ra2+ 61. Ke1 Kd4 62. Kf1 Rh2 63. Re8 Bf4 64. Re2 Rh8 65. Kf2 Rf8 66. Ra2 Be5+ 67. Ke2 Ke4 68. Ra7 Re8 1/2-1/2

[Event "Moscow RSHSH"]
[Site "Moscow"]
[Date "2023.08.18"]
[Round "5"]
[White "Usov, Aleksandr E"]
[Black "Sitnikov, Anton"]
[Result "0-1"]
[WhiteElo "2242"]
[BlackElo "2344"]
[PlyCount "190"]
[EventDate "2023.08.14"]
[EventType "tourn"]
[EventRounds "9"]
[EventCountry "RUS"]
[EventCategory "2"]
[SourceTitle "CBM 215 Extra"]
[Source "ChessBase"]
[SourceDate "2023.09.30"]
[SourceVersion "1"]
[SourceVersionDate "2023.09.30"]
[SourceQuality "1"]

1. e4 e6 2. d4 d5 3. Nd2 Be7 4. e5 c5 5. c3 Nc6 6. Bd3 Qb6 7. Ndf3 cxd4 8. cxd4 Nh6 9. Ne2 Nf5 10. h4 Bd7 11. Bxf5 exf5 12. 0-0 h6 13. b3 Be6 14. Be3 Kd7 15. Nc3 Qd8 16. h5 g5 17. hxg6 fxg6 18. Ne1 g5 19. f4 a6 20. Nd3 b6 21. b4 Ke8 22. Rc1 Qd7 23. Qa4 Kf7 24. Qb3 g4 25. Na4 Rab8 26. Rc2 h5 27. Rfc1 Rhc8 28. g3 Kg6 29. Bf2 Na7 30. Rxc8 Nxc8 31. b5 axb5 32. Nc3 Na7 33. Rb1 Rc8 34. Nxb5 Nxb5 35. Qxb5 Qxb5 36. Rxb5 Bd8 37. Kg2 Bd7 38. Rb1 Kf7 39. Rh1 Rc3 40. Rxh5 Kg6 41. Rh8 Be7 42. e6 Kg7 43. Rb8 Ba4 44. Ne5 b5 45. Nd7 Ra3 46. Nb6 Bc2 47. Ra8 Rxa8 48. Nxa8 Bb1 49. Nb6 Bxa2 50. Be1 b4 51. Bd2 Bc4 52. Bc1 b3 53. Bb2 Bb4 54. Nd7 Bb5 55. Nc5 Bc4 56. Nd7 Be1 57. Ba1 Bb5 58. Nc5 Kf6 59. Nxb3 Kxe6 60. Bb2 Bc4 61. Nc5+ Kd6 62. Bc1 Kc6 63. Be3 Be2 64. Bf2 Bd2 65. Nb3 Bc3 66. Be3 Kb5 67. Kf2 Kc4 68. Nc5 Bd1 69. Nd7 Ba5 70. Ne5+ Kb5 71. Bc1 Bc3 72. Be3 Ka4 73. Nc6 Bf3 74. Ne5 Be4 75. Ke2 Kb3 76. Bf2 Kc2 77. Be3 Kb2 78. Bf2 Bc2 79. Be3 Ba4 80. Nd3+ Kc2 81. Ne5 Bb5+ 82. Kf2 Kd1 83. Nf7 Be1+ 84. Kg2 Ke2 85. Bg1 Bd3 86. Ne5 Be4+ 87. Kh2 Kf1 88. Be3 Bf2 89. Bxf2 Kxf2 90. Nc6 Ke3 91. Kg1 Kf3 92. Kh2 Kf2 93. Nd8 Bd3 94. Nc6 Ke3 95. Kg2 Bc2 0-1

[Event "Moscow RSHSH"]
[Site "Moscow"]
[Date "2023.08.14"]
[Round "1"]
[White "Usov, Aleksandr E"]
[Black "Yurasov, Matfey"]
[Result "1-0"]
[WhiteElo "2242"]
[BlackElo "2195"]
[PlyCount "79"]
[EventDate "2023.08.14"]
[EventType "tourn"]
[EventRounds "9"]
[EventCountry "RUS"]
[EventCategory "2"]
[SourceTitle "CBM 215 Extra"]
[Source "ChessBase"]
[SourceDate "2023.09.30"]
[SourceVersion "1"]
[SourceVersionDate "2023.09.30"]
[SourceQuality "1"]

1. d4 Nf6 2. Bg5 e6 3. e3 c5 4. Nd2 Nc6 5. c3 cxd4 6. cxd4 Qa5 7. Bxf6 gxf6 8. a3 d5 9. Ngf3 Bd6 10. b4 Qb6 11. b5 Ne7 12. a4 Bb4 13. Be2 e5 14. dxe5 fxe5 15. Nxe5 Bc3 16. Nd3 Bxa1 17. Qxa1 0-0 18. 0-0 Bf5 19. Nf4 d4 20. a5 Qd8 21. e4 Bg6 22. h4 Qd6 23. g3 h6 24. Bc4 Rac8 25. Qb2 h5 26. Re1 Kg7 27. e5 Qc5 28. Qb3 Kh7 29. Re2 Nf5 30. Qf3 d3 31. Bxd3 Qc1+ 32. Kh2 Kg8 33. Bxf5 Bxf5 34. Nd5 Bg6 35. Ne7+ Kh7 36. Nxc8 Rxc8 37. Ne4 Qd1 38. e6 fxe6 39. Ng5+ Kg8 40. Rxe6 1-0

[Event "Voronezh op"]
[Site "Voronezh"]
[Date "2023.06.24"]
[Round "9"]
[White "Klimentov, Evgeny"]
[Black "Usov, Aleksandr E"]
[Result "0-1"]
[WhiteElo "2302"]
[BlackElo "2201"]
[PlyCount "78"]
[EventDate "2023.06.16"]
[EventType "swiss"]
[EventRounds "9"]
[EventCountry "RUS"]
[SourceTitle "CBM 214 Extra"]
[Source "ChessBase"]
[SourceDate "2023.07.31"]
[SourceVersion "1"]
[SourceVersionDate "2023.07.31"]
[SourceQuality "1"]

1. e4 c6 2. d4 d5 3. exd5 cxd5 4. Bd3 Nc6 5. c3 Qc7 6. h3 Nf6 7. Nf3 g6 8. Qc2 Bg7 9. 0-0 0-0 10. Re1 Nd7 11. Be3 f5 12. Na3 a6 13. Bg5 e5 14. dxe5 Ndxe5 15. Nxe5 Nxe5 16. Qd2 f4 17. Bxf4 Nf3+ 18. gxf3 Qxf4 19. Qxf4 Rxf4 20. Kg2 Bxh3+ 21. Kg3 Raf8 22. Be2 Bd7 23. Rad1 Be5 24. Kg2 R8f5 25. Rh1 Rg5+ 26. Kf1 Be6 27. Nc2 h5 28. Ne3 Bg7 29. a3 b5 30. Rh2 Ra4 31. Nc2 Rf4 32. Ne3 Re5 33. Ng2 Rf7 34. f4 Ref5 35. Bd3 R5f6 36. Nh4 Rxf4 37. Nxg6 Rf3 38. Be2 Rg3 39. Rxh5 Rxg6 0-1

[Event "Voronezh op"]
[Site "Voronezh"]
[Date "2023.06.23"]
[Round "8"]
[White "Usov, Aleksandr E"]
[Black "Tsydypov, Zhamsaran"]
[Result "0-1"]
[WhiteElo "2201"]
[BlackElo "2532"]
[PlyCount "74"]
[EventDate "2023.06.16"]
[EventType "swiss"]
[EventRounds "9"]
[EventCountry "RUS"]
[SourceTitle "CBM 214 Extra"]
[Source "ChessBase"]
[SourceDate "2023.07.31"]
[SourceVersion "1"]
[SourceVersionDate "2023.07.31"]
[SourceQuality "1"]

1. d4 Nf6 2. Bg5 e6 3. e4 c5 4. e5 h6 5. Bc1 Ng8 6. c3 d5 7. Be3 Qb6 8. Qb3 Nc6 9. f4 Qa5 10. Qb5 c4 11. Qxa5 Nxa5 12. Nd2 b5 13. b4 Nc6 14. a4 bxa4 15. Rxa4 Bd7 16. Ra6 Nge7 17. Ngf3 Nc8 18. Be2 Rb8 19. 0-0 Nd8 20. g4 Be7 21. Bd1 g6 22. Ba4 Bxa4 23. Rxa4 Kd7 24. h3 Rb5 25. Kg2 Nc6 26. Ng1 Bd8 27. f5 gxf5 28. gxf5 a5 29. bxa5 Bxa5 30. Ne2 N8e7 31. fxe6+ fxe6 32. Rf6 Nf5 33. Bf4 Bd8 34. Rf7+ Ke8 35. Rxf5 exf5 36. Ra6 Rb6 37. Ra8 Rh7 0-1

[Event "RUS-chT2"]
[Site "Sochi"]
[Date "2023.05.08"]
[Round "7.1"]
[White "Galaktionov, Artem"]
[Black "Usov, Aleksandr E"]
[Result "0-1"]
[WhiteElo "2341"]
[BlackElo "2179"]
[PlyCount "102"]
[EventDate "2023.05.01"]
[EventType "team-swiss"]
[EventRounds "9"]
[EventCountry "RUS"]
[SourceTitle "CBM 214 Extra"]
[Source "ChessBase"]
[SourceDate "2023.07.31"]
[SourceVersion "1"]
[SourceVersionDate "2023.07.31"]
[SourceQuality "1"]
[WhiteTeam "Moscow Temus Tim"]
[BlackTeam "ANOO Primak Gymnasium"]
[WhiteTeamCountry "RUS"]
[BlackTeamCountry "RUS"]

1. d4 d5 2. c4 c6 3. Nf3 Nf6 4. e3 e6 5. b3 Nbd7 6. Bb2 Bd6 7. Bd3 0-0 8. 0-0 Ne4 9. Ne5 Qc7 10. f4 f6 11. Nxd7 Bxd7 12. Nd2 Nxd2 13. Qxd2 f5 14. h3 Qd8 15. Bc3 Qe7 16. a4 g5 17. c5 Bc7 18. Ba5 Bxa5 19. Qxa5 gxf4 20. exf4 b6 21. cxb6 axb6 22. Qxb6 Rfb8 23. Qc7 Rxb3 24. Rf3 Kf7 25. Rg3 Rc8 26. Qe5 Qf6 27. Qd6 Be8 28. Re1 c5 29. Qa6 Rc6 30. Qa7+ Kf8 31. dxc5 Qd4+ 32. Kh2 Rxd3 33. Rxd3 Qxd3 34. Qxh7 Qd4 35. Qh6+ Qg7 36. Qh4 Rxc5 37. Re2 d4 38. Qe1 d3 39. Re3 Qd4 40. Rg3 e5 41. Qb1 d2 42. Qb8 Qd7 43. Qb4 d1Q 44. Qxc5+ Q1d6 45. Qc4 Bf7 46. Qc1 exf4 47. Rf3 Bd5 48. Rd3 f3+ 49. g3 Q7c7 50. Qg5 f2 51. Rd1 f1Q 0-1

[Event "RUS-chT2"]
[Site "Sochi"]
[Date "2023.05.05"]
[Round "5.3"]
[White "Komov, Roman"]
[Black "Usov, Aleksandr E"]
[Result "0-1"]
[WhiteElo "2335"]
[BlackElo "2179"]
[PlyCount "58"]
[EventDate "2023.05.01"]
[EventType "team-swiss"]
[EventRounds "9"]
[EventCountry "RUS"]
[SourceTitle "CBM 214 Extra"]
[Source "ChessBase"]
[SourceDate "2023.07.31"]
[SourceVersion "1"]
[SourceVersionDate "2023.07.31"]
[SourceQuality "1"]
[WhiteTeam "Krasnoyarsk Region Enisey"]
[BlackTeam "ANOO Primak Gymnasium"]
[WhiteTeamCountry "RUS"]
[BlackTeamCountry "RUS"]

1. d4 d5 2. Bf4 Nf6 3. e3 c5 4. dxc5 e6 5. b4 a5 6. c3 axb4 7. cxb4 Bd7 8. Nd2 b6 9. cxb6 Bxb4 10. Bc7 Qe7 11. b7 Ra3 12. Bxb8 Ba4 13. Qb1 Qxb7 14. Bg3 Bxd2+ 15. Kxd2 Ne4+ 16. Ke1 Rb3 17. Qxb3 Bxb3 18. axb3 Qb4+ 19. Ke2 0-0 20. f4 Qxb3 21. Re1 d4 22. Kf3 Qd5 23. Nh3 Qh5+ 24. Kxe4 Qd5+ 25. Kd3 Ra8 26. Ng5 dxe3+ 27. Kxe3 Ra3+ 28. Bd3 Qxd3+ 29. Kf2 Ra2+ 0-1

[Event "Cheliabinsk Panchenko Memorial op-A"]
[Site "Cheliabinsk"]
[Date "2022.09.13"]
[Round "2"]
[White "Usov, Aleksandr E"]
[Black "Simbelov, Roman T"]
[Result "1/2-1/2"]
[WhiteElo "2270"]
[BlackElo "2063"]
[PlyCount "106"]
[EventDate "2022.09.12"]
[EventType "swiss"]
[EventRounds "10"]
[EventCountry "RUS"]
[SourceTitle "CBM 210 Extra"]
[Source "ChessBase"]
[SourceDate "2022.11.30"]
[SourceVersion "1"]
[SourceVersionDate "2022.11.30"]
[SourceQuality "1"]

1. d4 d5 2. c4 e6 3. Nc3 c6 4. e4 dxe4 5. Nxe4 Bb4+ 6. Bd2 Qxd4 7. Bxb4 Qxe4+ 8. Be2 a5 9. Bd6 Nd7 10. Nf3 c5 11. 0-0 Ngf6 12. Re1 Qc6 13. Ng5 Ra6 14. Bf4 e5 15. Bxe5 Nxe5 16. f4 Nfd7 17. fxe5 Qh6 18. e6 Qxg5 19. exd7+ Bxd7 20. Bh5+ Be6 21. Qa4+ Ke7 22. Qb5 Rd6 23. Bf3 b6 24. a3 Rhd8 25. b4 axb4 26. axb4 Qd2 27. bxc5 Qd4+ 28. Kh1 Qxc5 29. Qxc5 bxc5 30. Re5 Rc8 31. Ra7+ Kf6 32. Rh5 h6 33. Ra5 g5 34. Rxh6+ Kg7 35. Rh5 Kg6 36. h4 f6 37. g4 Rd4 38. Ra6 Re8 39. Kh2 Rxc4 40. Kg2 Rc3 41. hxg5 fxg5 42. Rh1 Kg7 43. Rh2 Kg6 44. Rh1 Re3 45. Kf2 Re5 46. Rg1 Rc8 47. Ra3 Kf6 48. Be2 Ke7 49. Ra7+ Kd6 50. Rd1+ Bd5 51. Ra6+ Rc6 52. Ra5 c4 53. Ra3 Re7 1/2-1/2

[Event "Cheliabinsk Kurnosov Memorial Rapid-A"]
[Site "Cheliabinsk"]
[Date "2022.09.09"]
[Round "2"]
[White "Usov, Aleksandr E"]
[Black "Alekseev, Evgeny V"]
[Result "1/2-1/2"]
[WhiteElo "2270"]
[BlackElo "2575"]
[PlyCount "56"]
[EventDate "2022.09.09"]
[EventType "swiss (rapid)"]
[EventRounds "11"]
[EventCountry "RUS"]
[SourceTitle "CBM 210 Extra"]
[Source "ChessBase"]
[SourceDate "2022.11.30"]
[SourceVersion "1"]
[SourceVersionDate "2022.11.30"]
[SourceQuality "1"]

1. e4 c5 2. Nf3 e6 3. b3 Nc6 4. Bb2 a6 5. c4 b6 6. g3 Bb7 7. Bg2 Nf6 8. e5 Ng4 9. 0-0 Nh6 10. Re1 Nf5 11. Nc3 Be7 12. Ne4 0-0 13. h3 d6 14. g4 Nfd4 15. Nxd4 cxd4 16. Nxd6 Bxd6 17. exd6 Qxd6 18. Qf3 Rad8 19. Qg3 Qd7 20. f4 Rfe8 21. Ba3 a5 22. d3 Ra8 23. Rad1 Nb4 24. Rd2 Bxg2 25. Kxg2 b5 26. Bxb4 axb4 27. Qf3 Rac8 28. Re5 bxc4 1/2-1/2

[Event "Moscow op-A 18th"]
[Site "Moscow"]
[Date "2022.07.18"]
[Round "6"]
[White "Usov, Aleksandr E"]
[Black "Faizrakhmanov, Ramil"]
[Result "1/2-1/2"]
[WhiteElo "2256"]
[BlackElo "2461"]
[PlyCount "91"]
[EventDate "2022.07.14"]
[EventType "swiss"]
[EventRounds "9"]
[EventCountry "RUS"]
[SourceTitle "CBM 209 Extra"]
[Source "ChessBase"]
[SourceDate "2022.09.30"]
[SourceVersion "1"]
[SourceVersionDate "2022.09.30"]
[SourceQuality "1"]

1. d4 Nf6 2. Bg5 e6 3. e4 h6 4. Bxf6 Qxf6 5. Nf3 d6 6. Nc3 Nd7 7. Qd2 a6 8. Bd3 g6 9. 0-0 Bg7 10. Rfe1 0-0 11. e5 dxe5 12. Nxe5 Rd8 13. Rad1 Nb6 14. Qe3 Bd7 15. Ne4 Qe7 16. Nc5 Rab8 17. Ncxd7 Nxd7 18. Nxd7 Rxd7 19. c3 Rbd8 20. Be2 Qd6 21. g3 Qd5 22. a3 Qb3 23. Qc1 h5 24. h4 Rd6 25. Bd3 R8d7 26. Qc2 Qb6 27. Be4 c6 28. b4 Qc7 29. Bf3 b6 30. Kg2 a5 31. Kg1 Qd8 32. Kg2 Bf6 33. Qe2 Kg7 34. Qc2 Qc7 35. Qe2 Re7 36. Qc2 Rd8 37. Rb1 axb4 38. axb4 e5 39. dxe5 Bxe5 40. Rbd1 Rde8 41. Re2 Bf6 42. Rde1 Rxe2 43. Rxe2 Rxe2 44. Qxe2 Bxc3 45. Qc4 Qe5 46. Bxc6 1/2-1/2

[Event "Moscow op-A 18th"]
[Site "Moscow"]
[Date "2022.07.17"]
[Round "5"]
[White "Goganov, Aleksey"]
[Black "Usov, Aleksandr E"]
[Result "1/2-1/2"]
[WhiteElo "2545"]
[BlackElo "2256"]
[PlyCount "94"]
[EventDate "2022.07.14"]
[EventType "swiss"]
[EventRounds "9"]
[EventCountry "RUS"]
[SourceTitle "CBM 209 Extra"]
[Source "ChessBase"]
[SourceDate "2022.09.30"]
[SourceVersion "1"]
[SourceVersionDate "2022.09.30"]
[SourceQuality "1"]

1. e4 c6 2. d4 d5 3. e5 c5 4. dxc5 Nc6 5. f4 e6 6. Be3 d4 7. Bf2 Bxc5 8. Nd2 Nge7 9. Bd3 Nd5 10. Qf3 0-0 11. Ne2 f6 12. exf6 Nxf6 13. 0-0 e5 14. f5 Nb4 15. Ng3 Nxd3 16. cxd3 Qd5 17. Nge4 Kh8 18. Bh4 Bb4 19. Bxf6 gxf6 20. Rac1 Bd7 21. Rc7 Rac8 22. Rxc8 Bxc8 23. Qh5 Bxd2 24. Nxd2 Bd7 25. Qh6 Qf7 26. Rf3 Bc6 27. Rg3 Rg8 28. Rg6 Rxg6 29. fxg6 Qg7 30. Qxg7+ Kxg7 31. gxh7 Kxh7 32. Nc4 b5 33. Nd6 a5 34. Kf2 Kg6 35. g4 b4 36. h4 Bd5 37. a3 bxa3 38. bxa3 Be6 39. Kg3 Bb3 40. Ne4 Bc2 41. Nf2 e4 42. Nxe4 Bxd3 43. Kf4 Be2 44. h5+ Kg7 45. Nd2 d3 46. Kf5 Bd1 47. Ne4 Bf3 1/2-1/2

[Event "Cheliabinsk Variation-A"]
[Site "Cheliabinsk"]
[Date "2022.04.06"]
[Round "6"]
[White "Usov, Aleksandr E"]
[Black "Sutormin, Danila"]
[Result "1-0"]
[WhiteElo "2283"]
[BlackElo "2409"]
[PlyCount "109"]
[EventDate "2022.04.01"]
[EventType "swiss"]
[EventRounds "9"]
[EventCountry "RUS"]
[SourceTitle "CBM 207 Extra"]
[Source "ChessBase"]
[SourceDate "2022.05.31"]
[SourceVersion "1"]
[SourceVersionDate "2022.05.31"]
[SourceQuality "1"]

1. d4 d5 2. c4 e6 3. Nc3 c6 4. cxd5 exd5 5. Nf3 Nf6 6. Bg5 Be7 7. e3 Bf5 8. Bd3 Bxd3 9. Qxd3 0-0 10. 0-0 Nbd7 11. Rfb1 a5 12. Qc2 Re8 13. Nd2 Nf8 14. Rc1 Ng6 15. Rab1 Qd6 16. Bxf6 Qxf6 17. g3 Bd6 18. Kg2 Ne7 19. Nf3 Nf5 20. e4 dxe4 21. Nxe4 Qe6 22. Re1 Qg6 23. Re2 Re6 24. Rbe1 Bb4 25. Neg5 Rxe2 26. Rxe2 Rd8 27. h4 Qf6 28. a3 Bf8 29. Rd2 h6 30. Ne4 Qe6 31. Nc3 g6 32. h5 Bg7 33. hxg6 fxg6 34. Re2 Qc4 35. Ne5 Bxe5 36. dxe5 Kg7 37. Re4 Qe6 38. Qa4 Rd2 39. Qxa5 Rxb2 40. Qc7+ Qe7 41. Qxe7+ Nxe7 42. Rd4 Kf7 43. Rd6 Rb3 44. Rf6+ Kg7 45. Ne4 Rb5 46. f4 g5 47. Nd6 Rb2+ 48. Kh3 Nd5 49. Nf5+ Kg8 50. Rg6+ Kf7 51. Rg7+ Kf8 52. e6 Re2 53. Rf7+ Kg8 54. Nxh6+ Kh8 55. f5 1-0

[Event "Cheliabinsk Variation-A"]
[Site "Cheliabinsk"]
[Date "2022.04.03"]
[Round "3"]
[White "Shoboev, Dandar"]
[Black "Usov, Aleksandr E"]
[Result "1-0"]
[WhiteElo "2221"]
[BlackElo "2283"]
[PlyCount "85"]
[EventDate "2022.04.01"]
[EventType "swiss"]
[EventRounds "9"]
[EventCountry "RUS"]
[SourceTitle "CBM 207 Extra"]
[Source "ChessBase"]
[SourceDate "2022.05.31"]
[SourceVersion "1"]
[SourceVersionDate "2022.05.31"]
[SourceQuality "1"]

1. e4 c6 2. d4 d5 3. e5 Bf5 4. Nf3 e6 5. Be2 c5 6. Be3 cxd4 7. Nxd4 Ne7 8. c4 Nbc6 9. Nc3 Nxd4 10. Bxd4 dxc4 11. Bxc4 Nc6 12. Bb5 a6 13. Bxc6+ bxc6 14. Qa4 Qc7 15. 0-0 Be7 16. Qc4 0-0 17. b4 Rfd8 18. Rfd1 Rd7 19. Bc5 Bxc5 20. Qxc5 Rad8 21. h3 Bc2 22. Rxd7 Qxd7 23. Re1 h6 24. Re3 Kh7 25. Rf3 Bg6 26. Re3 Qd2 27. Qxc6 Qc1+ 28. Kh2 Rd2 29. Kg3 Rxa2 30. Qc5 Rc2 31. Qd4 Rd2 32. Qf4 Qb2 33. Na4 Qa1 34. Nc3 Rc2 35. Ne4 Rc1 36. Nd6 Kg8 37. Rf3 Rc7 38. h4 Bh5 39. Rd3 Kh7 40. Qd4 Qb1 41. Rc3 Qd1 42. Qxd1 Rxc3+ 43. f3 1-0

[Event "Cheliabinsk Lozovatsky Memorial-A"]
[Site "Cheliabinsk"]
[Date "2022.01.25"]
[Round "4"]
[White "Drygalov, Sergey"]
[Black "Usov, Aleksandr E"]
[Result "1-0"]
[WhiteElo "2517"]
[BlackElo "2245"]
[PlyCount "155"]
[EventDate "2022.01.22"]
[EventType "swiss"]
[EventRounds "10"]
[EventCountry "RUS"]
[SourceTitle "CBM 206 Extra"]
[Source "ChessBase"]
[SourceDate "2022.03.31"]
[SourceVersion "1"]
[SourceVersionDate "2022.03.31"]
[SourceQuality "1"]

1. d4 d5 2. c4 c6 3. Nc3 Nf6 4. e3 Nbd7 5. Nf3 e6 6. Qc2 Bd6 7. Bd3 dxc4 8. Bxc4 b5 9. Be2 a6 10. e4 e5 11. 0-0 0-0 12. h3 c5 13. d5 c4 14. Be3 Re8 15. Nd2 Bc5 16. Bxc5 Nxc5 17. Nd1 Nb7 18. b3 cxb3 19. axb3 Nd6 20. b4 Bb7 21. Bd3 Rc8 22. Qb1 Nd7 23. Nb3 Qb6 24. Ne3 Rc3 25. Rd1 Rec8 26. Qb2 f6 27. Rac1 R3c7 28. Rxc7 Rxc7 29. Rc1 Kf7 30. Rc3 g6 31. Qc1 Rxc3 32. Qxc3 Ke7 33. Qc2 h5 34. Nf1 f5 35. exf5 gxf5 36. Bxf5 Nxf5 37. Qxf5 Bxd5 38. Nbd2 Qd4 39. Qg5+ Kd6 40. Qxh5 Qxb4 41. Qg6+ Be6 42. Ne4+ Ke7 43. Ne3 a5 44. Qg5+ Ke8 45. Qg6+ Kd8 46. Qxe6 Qxe4 47. Nd5 Qh7 48. Qc6 Nb8 49. Qxb5 Qa7 50. Nb6 Kc7 51. Nd5+ Kd8 52. Qa4 Qc5 53. Ne3 Nc6 54. h4 Nd4 55. Nc4 Ke7 56. Qa2 Nf5 57. Qe2 Kf6 58. Qg4 Nd4 59. Qg5+ Ke6 60. Qg8+ Ke7 61. Qg7+ Ke6 62. Ne3 Qe7 63. Qg4+ Kf7 64. h5 Qe6 65. Qe4 Ne2+ 66. Kh2 Nf4 67. g4 Qf6 68. Qb7+ Qe7 69. Qb3+ Qe6 70. Qc2 Qb6 71. Qh7+ Kf8 72. Qf5+ Kg8 73. Qg5+ Kf7 74. Qxe5 Qf6 75. Qc7+ Ke6 76. Qc4+ Kd7 77. Qb5+ Ke6 78. Kg3 1-0

[Event "Cheliabinsk Lozovatsky Memorial-A"]
[Site "Cheliabinsk"]
[Date "2022.01.22"]
[Round "1"]
[White "Usov, Aleksandr E"]
[Black "Stupak, Kirill"]
[Result "1-0"]
[WhiteElo "2245"]
[BlackElo "2478"]
[PlyCount "55"]
[EventDate "2022.01.22"]
[EventType "swiss"]
[EventRounds "10"]
[EventCountry "RUS"]
[SourceTitle "CBM 206 Extra"]
[Source "ChessBase"]
[SourceDate "2022.03.31"]
[SourceVersion "1"]
[SourceVersionDate "2022.03.31"]
[SourceQuality "1"]

1. e4 e6 2. d4 d5 3. Nd2 c5 4. exd5 exd5 5. Ngf3 Nc6 6. Bb5 Qe7+ 7. Be2 Qc7 8. dxc5 Bxc5 9. Nb3 Be7 10. 0-0 Nf6 11. c3 0-0 12. Bg5 Be6 13. Re1 Rae8 14. h3 Ne4 15. Bxe7 Rxe7 16. Nbd4 Rfe8 17. Bd3 Bc8 18. Qb3 Nc5 19. Rxe7 Rxe7 20. Qxd5 Nxd3 21. Nxc6 Rd7 22. Qe4 g6 23. Nxa7 Rd8 24. Nxc8 Qxc8 25. Rb1 b5 26. Qe2 b4 27. cxb4 Nxb4 28. a3 1-0